MUNICIPIS DE LA PROVÍNCIA DE LLEIDA - Estadísticas

Estadísticas generales
  • Esta prueba ha sido intentada 282 veces
    231 desde el último reinicio
  • La puntuación promedio es 64 de 231
Estadísticas de respuestas
INICIAL MUNICIPI % Correcto
S (L) Lleida
85%
PU (M) Mollerussa
76%
N (B) Balaguer
75%
S (A) Alcarràs
74%
AU (S) la Seu d'Urgell
74%
U (T) Tàrrega
73%
A (L) Les
68%
PS (S) Sort
68%
SE (C) Cervera
65%
S (A) Alfarràs
64%
PJ (T) Tremp
64%
AR (P) el Pont de Suert
61%
S (A) Alguaire
59%
S (A) Alpicat
57%
SO (S) Solsona
57%
G (B) les Borges Blanques
55%
S (A) Almacelles
54%
U (A) Agramunt
53%
S (T) Torrefarrera
53%
S (A) Aitona
52%
S (A) Alcoletge
52%
N (A) Artesa de Segre
52%
SE (G) Guissona
52%
G (J) Juneda
52%
S (A) Artesa de Lleida
51%
PJ (P) la Pobla de Segur
49%
N (P) Ponts
47%
S (S) Seròs
47%
S (A) Almenar
46%
U (A) Anglesola
46%
N (A) Àger
45%
U (B) Bellpuig
45%
PU (I) Ivars d'Urgell
45%
PS (E) Esterri d'Àneu
42%
G (A) l'Albi
42%
PU (L) Linyola
42%
S (A) Albatàrrec
41%
PU (B) Bell-lloc d'Urgell
41%
S (S) Soses
41%
N (C) Camarasa
40%
PS (L) Llavorsí
40%
N (O) Os de Balaguer
40%
PS (R) Rialp
40%
S (R) Rosselló
40%
N (V) Vallfogona de Balaguer
40%
S (V) Vilanova de la Barca
40%
PU (G) Golmés
39%
AU (O) Oliana
39%
G (V) Vinaixa
39%
N (B) Bellcaire d'Urgell
38%
PU (P) el Palau d'Anglesola
38%
AR (V) la Vall de Boí
38%
S (G) la Granja d'Escarp
37%
S (M) Maials
37%
AU (O) Organyà
37%
PU (T) Torregrossa
37%
N (A) Albesa
36%
G (A) Arbeca
36%
S (P) Puigverd de Lleida
36%
PU (S) Sidamon
36%
PU (C) Castellnou de Seana
35%
N (T) Térmens
35%
PU (B) Bellvís
34%
A (B) Bossòst
34%
S (A) els Alamús
34%
S (A) Almatret
33%
S (C) Corbins
33%
SO (S) Sant Llorenç de Morunys
33%
S (L) Llardecans
32%
S (B) Benavent de Segrià
30%
PS (E) Espot
30%
S (S) Sudanell
30%
N (T) Torrelameu
30%
S (T) Torres de Segre
30%
S (A) Alfés
29%
AU (C) Coll de Nargó
29%
G (G) la Granadella
29%
N (M) Menàrguens
29%
PU (M) Miralcamp
29%
PJ (T) Talarn
29%
S (T) Torre-serona
29%
U (V) Vilagrassa
29%
PU (V) Vilanova de Bellpuig
29%
G (C) Castelldans
28%
PU (P) el Poal
28%
PU (F) Fondarella
28%
U (G) Guimerà
28%
N (I) Ivars de Noguera
28%
SE (S) Sant Guim de Freixenet
28%
S (S) Sarroca de Lleida
28%
U (V) Verdú
28%
BE (G) Gósol
27%
S (M) Massalcoreig
27%
S (S) Sunyer
27%
SE (T) Torà
27%
S (M) Montoliu de Lleida
26%
PJ (S) Salàs de Pallars
26%
U (T) Tornabous
26%
S (V) Vilanova de Segrià
26%
PJ (A) Abella de la Conca
25%
AU (B) Bassella
25%
C (B) Bellver de Cerdanya
25%
G (J) Juncosa
25%
N (P) Penelles
25%
A (V) Vielha e Mijaran
25%
AR (V) Vilaller
25%
PU (V) Vila-sana
25%
S (A) Alcanó
24%
SE (B) Biosca
24%
U (C) Castellserà
24%
G (C) Cervià de les Garrigues
24%
G (F) la Floresta
24%
G (P) Puiggròs
24%
SE (S) Sanaüja
24%
SE (S) Sant Ramon
24%
N (A) Algerri
23%
PS (A) Alt Àneu
23%
U (C) Ciutadilla
23%
U (F) la Fuliola
23%
U (M) Maldà
23%
S (T) Torrebesses
23%
PS (A) Alins
22%
N (A) Alòs de Balaguer
22%
G (S) el Soleràs
22%
PS (G) la Guingueta d'Àneu
22%
S (A) Aspa
21%
PS (B) Baix Pallars
21%
N (B) Bellmunt d'Urgell
21%
N (C) Castelló de Farfanya
21%
G (O) els Omellons
21%
G (A) l'Albagés
21%
N (S) la Sentiu de Sió
21%
A (N) Naut Aran
21%
SO (O) Olius
21%
N (P) Preixens
21%
G (T) Tarrés
21%
A (A) Arres
20%
U (B) Belianes
20%
A (C) Canejan
20%
N (C) Cubells
20%
SO (C) la Coma i la Pedra
20%
G (P) la Pobla de Cérvoles
20%
A (B) Bausen
18%
G (V) el Vilosell
18%
S (G) Gimenells i el Pla de la Font
18%
G (E) l'Espluga Calba
18%
SO (L) Lladurs
18%
PJ (L) Llimiana
18%
N (M) Montgai
18%
SO (O) Odèn
18%
N (O) Oliola
18%
SE (T) Tarroja de Segarra
18%
N (V) Vilanova de Meià
18%
U (O) els Omells de na Gaia
17%
G (G) Granyena de les Garrigues
17%
PJ (I) Isona i Conca Dellà
17%
SE (I) Ivorra
17%
PJ (T) la Torre de Cabdella
17%
N (A) les Avellanes i Santa Linya
17%
AU (V) les Valls de Valira
17%
U (N) Nalec
17%
U (V) Vallbona de les Monges
17%
PU (B) Barbens
16%
G (B) Bovera
16%
G (C) el Cogul
16%
G (T) Els Torms
16%
A (B) Es Bòrdes
16%
PS (F) Farrera
16%
S (P) la Portella
16%
SO (P) Pinós
16%
U (P) Preixana
16%
PJ (S) Senterada
16%
N (T) Tiurana
16%
G (B) Bellaguarda
15%
PJ (C) Castell de Mur
15%
SO (C) Clariana de Cardener
15%
AU (P) el Pont de Bar
15%
PS (E) Esterri de Cardós
15%
SE (G) Granyena de Segarra
15%
AU (J) Josa i Tuixén
15%
SO (N) Navès
15%
SE (R) Ribera d'Ondara
15%
SE (S) Sant Guim de la Plana
15%
PJ (S) Sarroca de Bellera
15%
PS (S) Soriguera
15%
PS (V) Vall de Cardós
15%
AU (A) Arsèguel
14%
PJ (C) Conca de Dalt
14%
PJ (G) Gavet de la Conca
14%
SO (G) Guixers
14%
SO (M) la Molsosa
14%
PS (L) Lladorre
14%
SO (L) Llobera
14%
SE (M) Montornès de Segarra
14%
C (R) Riu de Cerdanya
14%
PS (T) Tírvia
14%
A (V) Vilamòs
14%
N (V) Vilanova de l'Aguda
14%
AU (A) Alàs i Cerc
13%
AU (C) Cabó
13%
AU (C) Cava
13%
SE (E) Estaràs
13%
G (F) Fulleda
13%
SE (O) les Oluges
13%
SE (M) Montoliu de Segarra
13%
U (O) Ossó de Sió
13%
SO (P) Pinell de Solsonès
13%
U (P) Puigverd d'Agramunt
13%
SO (R) Riner
13%
PJ (S) Sant Esteve de la Sarga
13%
N (C) Cabanabona
12%
AU (F) Fígols i Alinyà
12%
N (F) Foradada
12%
SE (G) Granyanella
12%
N (B) la Baronia de Rialb
12%
AU (V) la Vansa i Fórnols
12%
C (L) Lles de Cerdanya
12%
AU (P) Peramola
12%
AU (R) Ribera d'Urgellet
12%
U (S) Sant Martí de Riucorb
12%
SE (T) Talavera
12%
SO (C) Castellar de la Ribera
11%
AU (E) Estamariu
11%
SE (M) Massoteres
11%
C (P) Prullans
11%
SE (T) Torrefeta i Florejacs
11%
SE (P) els Plans de Sió
10%
AU (V) les Valls d'Aguilar
10%
C (M) Montellà i Martinet
9%
C (P) Prats i Sansor
9%
AU (M) Montferrer i Castellbò
8%
No se encontraron pruebas coincidentes
Distribución de puntuación
Porcentaje de gente con cada puntuación
Porcentaje por número respondido
Historial de tus puntuaciones
No has intentado esta prueba desde el último reinicio